ბათუმის შოთა რუსთაველის სახელმწიფო უნივერსიტეტის ბიბლიოთეკა

გრამატიკული კატეგორიებისა და მათი ურთიერთმიმართებისათვის ქართულ ზმნაში / (ბიბ.ჩანაწერი № 53203)

000 -ლიდერი
ფიქსირებული სიგრძის საკონტროლო ველი 01760nam a2200301Ia 4500
001 - საკონტროლო ნომერი
საკონტროლო ველი 20244
003 - საკონტროლო ნომრის იდენტიფიკატორი
საკონტროლო ველი GE_BSU
005 - ბოლო ოპერაციის თარიღი და დრო
საკონტროლო ველი 20200701133241.0
008 - ფიქსირებული სიგრძის მონაცემთა ელემენტები - ზოგადი ინფორმაცია
ფიქსირებული სიგრძის საკონტროლო ველი 181216s2001||||ge |||||||||||||| ||geo||
020 ## - წიგნის საერთაშორისო სტანდარტული ნომერი
International Standard Book Number 999288259-X
040 ## - კატალოგიზაციის წყარო
Transcribing agency GE_BSU
041 ## - ენის კოდი
Language code of text/sound track or separate title geo
080 ## - უნივერსალური ათობითი კლასიფიკაციის ინდექსი
Universal Decimal Classification number 811.353.1-8 უ-30
100 ## - მთავარი ჩანაწერი - პიროვნების სახელი
Personal name უთურგაიძე, თ.
9 (RLIN) 7216
245 ## - ცნობა სათაურის შესახებ
Title გრამატიკული კატეგორიებისა და მათი ურთიერთმიმართებისათვის ქართულ ზმნაში /
Statement of responsibility, etc თ. უთურგაიძე ; რედ. ე. ბაბუნაშვილი ; მ. ქურდიანი.
264 ## - წარმოების, გამოცემის, დისტრიბუციის და სხვა ცნობები
გამოცემის, წარმოების, დისტრიბუციის... ადგილი თბილისი :
გამოცემის, წარმოების, დისტრიბუციის... სახელწოდება ქართული ენა,
გამოცემის, წარმოების, დისტრიბუციის... თარიღი 2001.
300 ## - ფიზიკური აღწერა
Extent 244 გვ. ;
Dimensions 20 სმ.
500 ## - ზოგადი შენიშვნა
General note პარალელური სათაური ინგლისურ ენაზე
504 ## - BIBLIOGRAPHY, ETC. NOTE
Bibliography, etc ბიბლიოგრაფია : გვ. 240-242
653 ## - INDEX TERM--UNCONTROLLED
Uncontrolled term გრამატიკული კატეგორიებისა და მათი ურთიერთმიმართებისათვის ქართულ ზმნაში
653 ## - INDEX TERM--UNCONTROLLED
Uncontrolled term ქართული ენა
700 ## - ADDED ENTRY--PERSONAL NAME
Personal name ბაბუნაშვილი, ე.
Relator term რედაქტორი
9 (RLIN) 7828
700 ## - ADDED ENTRY--PERSONAL NAME
Personal name ქურდიანი, მ.
Relator term რედაქტორი
9 (RLIN) 5022
710 ## - ADDED ENTRY--CORPORATE NAME
Corporate name or jurisdiction name as entry element საქართველოს სსრ მეცნიერებათა აკადემია
9 (RLIN) 8938
710 ## - ADDED ENTRY--CORPORATE NAME
Corporate name or jurisdiction name as entry element არნოლდ ჩიქობავას სახელობის ენათმეცნიერების ინსტიტუტი
9 (RLIN) 8177
942 ## - ADDED ENTRY ELEMENTS (KOHA)
Koha item type წიგნი
Source of classification or shelving scheme
ეგზემპლარები
ჩამოწერის სტატუსი დაკარგული ეგზემპლარის სტატუსი კლასიფიკაციის წყარო ან თაროზე გაწყობის სქემა დაზიანების სტატუსი არ გაიცემა მუდმივი მდებარეობა (დაცვის ადგილი) ამჟამინდელი ადგილსამყოფელი თაროზე განთავსების ადგილი შეძენის თარიღი ღირებულება, შესყიდვის ნორმალური ფასი სრული შენახვის შიფრი შტრიხკოდი ბოლო ოპერაციის თარიღი ეგზემპლარის მიმდევრობითი ნომერი (კეტერი?) ფასის ძალაში შესვლის თარიღი ეგზემპლარის სახეობა საჯარო შენიშვნა
          ბათუმის შოთა რუსთაველის სახელმწიფო უნივერსიტეტის მთავარი ბიბლიოთეკა ბათუმის შოთა რუსთაველის სახელმწიფო უნივერსიტეტის მთავარი ბიბლიოთეკა წიგნსაცავი 2018-12-17 8.00 811.353.1-8 უ-30 52834 2018-12-17 52834 2018-12-17 წიგნი 8.00 ლ.